00662nam a2200241 a 4500001001300000003000900013005001700022008004100039020001000080082001700090100002100107245001800128260004000146300000900186500003500195505001000230650001600240700002100256902000800277942000700285952011300292999001500405nice12345678IN_TiNIC20260116011617.0050524s1962 dela grp 000 0 urd  ac2.500a891.41bAKH4 aAkhlaq Delhavi,  aFann-E-Shairi aDelhibAnjuman Taraqqi-E-Urduc1962 a192p aincludes index and biblioraphy2 aindex aUrdu-Poetry1 aAkhlaq Delhavi,  bSRS cBK 001040708StackRoom-aHMIbHMId2007-06-18g2.50l0o891.41 AKH4p03699r2007-06-18v2.50w2005-05-24yBK c2883d2883